Normale Ansicht
MARC-Ansicht
Eintrag Personenname
001 - Kontrollnummer
- Kontrollfeld: 68525
003 - Kontrollnummer Identifier
- Kontrollfeld:
005 - Datum und Zeit der letzten Transaktion
- Kontrollfeld: 20260219090654.0
008 - Datenelemente mit fester Länge
- Kontrollfeld mit fester Länge: 260219|| aca||aabn | a|a d
040 ## - Katalogisierungsquelle
- Original-Katalogisierungsstelle:
- Übertragungsstelle:
100 ## - Ansetzung - Personenname
- Personenname: Stark, Sergej
670 ## - Datenquelle
- Quellenangabe: Work cat.: ()73760: aut Stark, Sergej, Ol'ginka 1864-1991